Youtubeurs Hispanophones par images - Statistiques

Statistiques générales
  • Ce quiz a été pris 5 fois
  • Le résultat moyen est 4 sur 16
Statistiques - réponses
Par images Réponse % Correct
Ibai
100%
German
60%
Alejo Ioga
20%
AuronPlay
20%
elrubuisOMG
20%
Fede Vigevani
20%
Fernanfloo
20%
Juan De Dios Pantoja
20%
Kimberly Loaiza
20%
Luisito Comunica
20%
Mikecrack
20%
TheDonato
20%
TheGrefg
20%
VEGETTA777
20%
Willyrex
20%
YOLO AVENTURAS
20%
Aucun quiz correspondant
Distribution des résultats
% des personnes avec chaque résultat
Percentile par nombre de réponses
Votre historique - résultats
Vous n’avez pas pris ce quiz